000 00653cam a2200145 4500500
005 20251228073710.0
041 _afre
042 _adc
100 1 0 _aDubouloz, Julien
_eauthor
245 0 0 _aAllison Penelope M., Pompeian Households, An Analysis of Material Culture (The Costen Institute of Archaeology, UCLA, Monograph, 42), Los Angeles, University of California, 2004, 1 vol. 21,5 × 28, XVII + 256 p., fig. ds t.
260 _c2005.
500 _a7
786 0 _nRevue archéologique | 40 | 2 | 2005-09-01 | p. 365ze-437ze | 0035-0737
856 4 1 _uhttps://shs.cairn.info/revue-archeologique-2005-2-page-365ze?lang=fr&redirect-ssocas=7080
999 _c1595733
_d1595733